000 00673nam a2200241Ia 4500
003 OSt
005 20220923220906.0
006 a|||||r|||| 00| 0
007 ta
008 220922b |||||||| |||| 00| 0 hin d
024 _a191,937
037 _cTextual
040 _aARTS
_cARTS
_bhin
041 _2hin
_ahin
082 _aS, 152J42(TS);K01
100 _aशेरजंग, निर्मला
_9156271
245 0 _aमनोविज्ञान
246 _ahinovijnyāna
250 _aसंस्क0
260 _c1954
942 _hS, 152J42(TS);K01
_cTEXL
_2CC
999 _c344590
_d344590